Inoculation with growth-promoting bacteria and arbuscular mycorrhizal fungi reduce the demand for fertilizers in lettuce (Registro n. 329148)
[ somente texto ]
| 000 -LÍDER | |
|---|---|
| fixed length control field | 03643nab a2200289 i 4500 |
| 003 - CÓDIGO MARC DA AGÊNCIA CATALOGADORA | |
| Campo de controle | BR-BrBNA |
| 005 - DATA E HORA DA ÚLTIMA ATUALIZAÇÃO | |
| Campo de controle | 20241210151007.0 |
| 008 - CAMPO DE TAMANHO FIXO | |
| fixed length control field | 241210b2024 bl.ar|pooa||| 00| 0 eng | |
| 040 ## - FONTE DA CATALOGAÇÃO | |
| Agência catalogadora | BR-BrBNA |
| Idioma da catalogação | eng |
| 072 ## - CATEGORIA AGRIS | |
| Código AGRIS | P34 |
| Código do objeto | 1660 |
| 072 ## - CATEGORIA AGRIS | |
| Código AGRIS | F04 |
| 100 ## - ENTRADA PRINCIPAL - NOME PESSOAL | |
| Nome pessoal | Laurindo, Lídia Klestadt |
| 100 ## - ENTRADA PRINCIPAL - NOME PESSOAL | |
| Nome pessoal | Cruz, Sonia Purin da |
| 245 ## - TÍTULO PRINCIPAL | |
| Título principal | Inoculation with growth-promoting bacteria and arbuscular mycorrhizal fungi reduce the demand for fertilizers in lettuce |
| 500 ## - NOTA GERAL | |
| Nota geral | Publicação online; 43 ref.; 2 illus.; 2 tables; Summaries (En; Pt) |
| 942 ## - ADDED ENTRY ELEMENTS (KOHA) | |
| Koha item type | Analítica |
| 520 ## - NOTA DE RESUMO | |
| Nota de conteúdo | <br/><br/>ABSTRACT - The use of plant growth-promoting microorganisms is an alternative to reduce costs with mineral fertilizers and increase sustainability in agriculture. This study aimed to investigate the effect of co-inoculation with plant growthpromoting bacteria and arbuscular mycorrhizal fungi on the growth and yield of lettuce under reduced NPK fertilization and greenhouse conditions, using five treatments (100 % of fertilization; 50 % of fertilization; 50 % of fertilization + Azospirillum brasilense inoculation; 50 % of fertilization + Rhizophagus clarus inoculation; 50 % of fertilization + coinoculation), with eight replications. The inoculation with R. clarus increased plant height by 79.5 %, while, for A. brasilense, this increase reached 68 %, as compared to NPK fertilization. The single inoculation of both microorganisms increased the stem mass, but only A. brasilense was associated to the higher number of leaves, although it was not accompanied by an increase in the fresh and dry leaf matter. The co-inoculation increased the leaf fresh matter by 24.6 % and the number of leaves by 25.3 %.<br/><br/><br/><br/>KEYWORDS: Lactuca sativa, Azospirillum brasilense, Rhizophagus clarus. |
| 520 ## - NOTA DE RESUMO | |
| Nota de conteúdo | <br/><br/>RESUMO - Inoculação com bactérias promotoras de crescimento e fungos micorrízicos arbusculares reduzem a demanda de fertilizantes em alface - O uso de micro-organismos promotores de crescimento de plantas é uma alternativa para reduzir custos com fertilizantes minerais e aumentar a sustentabilidade na agricultura. Objetivouse avaliar o efeito da coinoculação de bactérias promotoras de crescimento e fungos micorrízicos arbusculares no crescimento e produção de alface sob fertilização reduzida de NPK, em casa-devegetação, utilizando-se cinco tratamentos (100 % de adubação; 50 % de adubação; 50 % de adubação + inoculação com Azospirillum brasilense; 50 % de adubação + inoculação com Rhizophagus clarus; 50 % de adubação + coinoculação), com oito repetições. A inoculação com R. clarus resultou em aumento de 79,5 % na altura das plantas, enquanto A. brasilense promoveu aumento de 68 %, em relação à fertilização NPK. A inoculação com ambos os microorganismos de maneira isolada aumentou a biomassa do caule; porém, apenas A. brasilense esteve associado ao maior número de folhas, apesar de não ter sido acompanhado de aumento na biomassa fresca e seca das folhas. A coinoculação aumentou a biomassa fresca foliar em 24,6 % e o número de folhas em 25,3 %.<br/><br/><br/>PALAVRAS-CHAVES: Lactuca sativa, Azospirillum brasilense, Rhizophagus clarus. |
| 650 ## - ASSUNTO - THESAGRO | |
| Cabeçalho tópico ou nome geográfico | ALFACE |
| 650 ## - ASSUNTO - THESAGRO | |
| Cabeçalho tópico ou nome geográfico | CRESCIMENTO |
| 650 ## - ASSUNTO - THESAGRO | |
| Cabeçalho tópico ou nome geográfico | INOCULAÇÃO |
| 650 ## - ASSUNTO - THESAGRO | |
| Cabeçalho tópico ou nome geográfico | MICORRIZA VESICULAR ARBUSCULAR |
| 650 ## - ASSUNTO - THESAGRO | |
| Cabeçalho tópico ou nome geográfico | MICRO-ORGANISMO |
| 773 0# - ENTRADA ANALÍTICA | |
| Host Biblionumber | 3248 |
| Registro do item | 317349 |
| Imprenta | Goiânia-GO UFG. Escola de Agronomia 1999 |
| Outro identificador | 2024-4001 |
| Título | Pesquisa Agropecuária Tropical (Brazil) |
| ISSN | 1517-6398 |
| Colação | v. 54 p. 1-7; (2024) |
| Número de controle de registro | BR2024003967 |
| 856 ## - ACESSO E ENDEREÇO ELETRÔNICO | |
| Identificador uniforme de recurso - URI | https://www.scielo.br/j/pat/a/rrRRmJfGbWGK4j4HjTvrq4S/?format=pdf&lang=en |
Nenhum exemplar disponível.

BINAGRI